00893cam a2200241 a 4500001000800000005001700008008004100025010001700066020003900083020002200122040001800144041000800162080001900170082002300189100000600212101000800218245016900226504006400395906004500459942001200504999001700516952011800533399607620180202035151.0960103s1996 dcua b 001 0 eng  a 96000840  a1559633719 (pbk. : acidfree paper) a1559633719 (pbk.) aDLCcDLCdDLC aeng a333.91816 lin00a333.91816 lin220 a9 amje00aMitigation banking :cedited by Lindell L. Marsh, Douglas R. Porter, and David A. Salvesen, in cooperation with the Urban Land Institute ; foreword by John DeGrove. aIncludes bibliographical references (p. 279-283) and index. a7bcbccorignewd1eocipf19gy-gencatlg 2ddccBK c41576d41576 00102lcc40708PËKGa002b002cPËKGd2018-02-02l0o333.91816 linp002-2997505r2018-02-02w2018-02-02yBK